000 00278nam a22001337a 4500
008 170607b xxu||||| |||| 00| 0 eng d
020 _a9780805079760
041 _aeng
080 _a94
100 _a18
101 _aSHH
245 _aHIDDEN IRAN
_cTAKEYH.R
942 _2udc
_cBK
999 _c16258
_d16258